|
|
|
|
| LEADER |
00768nab a2200229 i 4500 |
| 001 |
publ32792 |
| 005 |
20250416185005.0 |
| 008 |
250416s1989 hu o 000 eng d |
| 022 |
|
|
|a 0361-7742
|
| 024 |
7 |
|
|a 1050008
|2 mtmt
|
| 040 |
|
|
|a SZTE Publicatio Repozitórium
|b hun
|
| 041 |
|
|
|a eng
|
| 100 |
1 |
|
|a Szabó Imre
|
| 245 |
1 |
0 |
|a Chemical characterization of a positive inotropic plasma factor in shock
|h [elektronikus dokumentum] /
|c Szabó Imre
|
| 260 |
|
|
|c 1989
|
| 300 |
|
|
|a 253-257
|
| 490 |
0 |
|
|a PROGRESS IN CLINICAL AND BIOLOGICAL RESEARCH
|v 308
|
| 650 |
|
4 |
|a Klinikai orvostan
|
| 700 |
0 |
1 |
|a Penke Botond
|e aut
|
| 700 |
0 |
1 |
|a Kaszaki József
|e aut
|
| 700 |
0 |
1 |
|a Nagy Sándor
|e aut
|
| 856 |
4 |
0 |
|u http://publicatio.bibl.u-szeged.hu/32792/1/aok_klny_633_89.pdf
|z Dokumentum-elérés
|